Quizzes
Events
Quiz Creation
Community
Videos
Private Events
Remove Ads
Sign In
Join for FREE
Feedback
Dark Mode
Quiz Categories
Sports
Geography
Music
Movies
Television
Just For Fun
Miscellaneous
History
Literature
Language
Science
Gaming
Entertainment
Religion
Holiday
For Kids
Quiz Lab
Recent
Popular Today
Quiz Kudos Today
Editor Picks
Curator Picks
Quizzes by...
Day
Popularity
Type
Ratings
Length
Year
Community
Subscriptions
Recent Discussions
Orange Saloon
Badges
Playlists
Quests
Create
Leaderboards
Showdown
Live 5
Trivia Bingo
Activity
Puzzle Library
Sporcle Events
Private Events
Virtual Trivia
Globe League
Become a Host
Pub Owners
SporcleCon
Opinionation
Our Games
Videos
Blog
Mobile Apps
Partnerships
Remove Ads and Go Orange
Feedback
Just For Fun
Clickable
Get the Picture
Humor
Quick Pick
Word Ladder
Missing Word
Mixed Word
Blitz
Minefield
This or That
Alphabet
Color
Typing
Sporcle
Puzzle
Word Play
Follow That Line
Logic
Just For Fun
Clickable
Get the Picture
Humor
Quick Pick
Word Ladder
Missing Word
Mixed Word
Blitz
Minefield
This or That
Alphabet
Color
Typing
Sporcle
Puzzle
Word Play
Follow That Line
Logic
Random Quiz
Search Sporcle
×
Featured
Featured
Just For Fun
Missing Word
Type in answers that appear in a list
Type in answers that appear in a list
Classic
Best Score? Go Orange.
Missing Word: Halloween Specials Stats
Can you name (or deduce) the missing word from these Halloween-themed TV episodes?
By
SparkyMarc91
5m
30 Questions
2,156 Plays
2,156 Plays
2,156 Plays
Comments
Comments
Give Quiz Kudos
Give Quiz Kudos
-
- Ratings
hide this ad
More Info
Replay
Link that replays current quiz
Next Quiz
Link to next quiz in quiz playlist
You Got
0%
They Got
Avg Score
32%
Avg Friend Score
Upgrade to see
Score Distribution
Jump to the score distribution portion of the page
Score
0/30
Timer
05:00
0
Plays Today
Episode Title
Word (Alphabetically)
% Correct
The _
_
_
_
_
with the Halloween Party
One
92.7%
Too Old to _
_
_
_
_
or Treat, Too Young to Die
Trick
71.8%
Tricks and _
_
_
_
_
Treats
68.5%
_
_
_
_
_
from the Crypt
Tales
64.3%
Girls Just _
_
_
_
_
Have Fun
Wanna
63.2%
_
_
_
_
_
of the Party
Life
60.7%
Night of the _
_
_
_
_
Horseman
Headless
53.5%
Lets Give the _
_
_
_
_
a Hand
Boy
48%
_
_
_
_
_
Billie: Vol 1
Kill
44.3%
_
_
_
_
_
of Horror V
Treehouse
43.1%
_
_
_
_
_
Contest
Costume
38.4%
Open House of _
_
_
_
_
Horrors
34.1%
_
_
_
_
_
in the Closet
Skeleton
32.2%
Revenge of the Teenage _
_
_
_
_
Dead
32.1%
Haunt You _
_
_
_
_
Day
Every
30.1%
Episode Title
Word (Alphabetically)
% Correct
Korn's Groovy Pirate _
_
_
_
_
Mystery
Ghost
28.5%
_
_
_
_
_
Weekend
Vampire
22.1%
President _
_
_
_
_
Evil
20.7%
The Middle _
_
_
_
_
Paradigm
Earth
19.4%
The Children of _
_
_
_
_
Halloween
18.3%
Someday Your _
_
_
_
_
Will Be in Effect
Prince
16.7%
The _
_
_
_
_
Of Bill Crouse
Haunting
14.7%
Halloween on _
_
_
_
_
Street
Spooner
14.1%
Chuck _
_
_
_
_
the Aisle of Terror
Versus
12.5%
_
_
_
_
_
Endings
Spooky
12.1%
Band _
_
_
_
_
Candy
8.9%
_
_
_
_
_
Is the Loneliest Number
21
7.5%
Greg _
_
_
_
_
Pikitis
6.4%
The Evil _
_
_
_
_
Eye
4.6%
Mummy in the _
_
_
_
_
Maze
3.9%
Quiz Playlist
Details
Report
Send in Message
Add To Playlist
More Info:
Missing words are in alphabetical order.
Classic:
Type in answers that appear in a list
Last Updated: Oct 30, 2018
Featured
Previous Missing Word
Next Missing Word
Play Today's Daily Dose
Quiz Scoreboard
CHALLENGE
Sign Up to Join the Scoreboard
Show All
Scores
Hide
Comments
May contain spoilers
Recently Published
Popular People in 1961
by mucciniale
History
6m
1-10 Letter E Words III
by El_Dandy
Language
2m
One Thing in Common: World Cities II
by knightlancer
Geography
7m
More to Explore
Quiz From the Vault
Featured Blog Post
Where Did the Easter Bunny Come From?
hide this ad
You Might Also Like...
Tags
Halloween Quiz
Missing Word Quiz
TV Show Quiz
special
Today's Top Quizzes in Just For Fun
Browse Just For Fun
hide this ad
Today's Top Quizzes in Missing Word
Browse Missing Word
Top Contributed Quizzes in Just For Fun
1
Harry Potter Logic - 'In Chains' II
2
Survivor Winners Logic Puzzle
3
Crossword Whiteout! 49
4
Letter's Position in the Alphabet Blitz
5
Thermometer Puzzle 25
6
Aquarium Logic Puzzle 17
7
Big Thermometer Puzzle 21
8
Clickable 1 to 100 Minefield
9
K-Pop Idol Olympics Logic Quiz II
10
Tapa Puzzle
Explore More
Trending Topics
Marvel
NBA
Harry Potter
Disney
Kpop
Crossword
Anime
NFL
Song
Country
Puzzle
Soccer
WWE
The Office
Pokémon
hide this ad
More By:
SparkyMarc91
Quiz
Plays
Rating
Category
Featured
Created
Missing Word: Halloween Specials
2,156
3.74
Just For Fun
Oct 21, 2013
British TV Shootout
1,292
4.00
Television
Nov 23, 2013
Artists Who Have Won 2+ NME Awards (Good/Bad)?
185
4.00
Music
Jun 15, 2011
TV Sets
132
3.50
Television
Oct 20, 2013
World Cup 2014: Groups
113
3.00
Sports
Dec 6, 2013
Go to Creator's Profile
Score Distribution
Quiz Creator Spotlight
SparkyMarc91
Follow
Send a Message
Quizzes Created
-
Created Quiz Play Count
-
More By This Creator
Popular Quizzes Today
1
Find the US States - No Outlines Minefield
2
The Countries of the World
3
Find the Countries of Europe - No Outlines Minefield
4
Popular People in 1961
5
1-10 Letter E Words III
6
Find the US States
7
One Thing in Common: World Cities II
8
US States
More Just For Fun Quizzes
Quick Pick: Names for Germany
Published
Trending Quizzes
Risky Map Clicking: Least Populous States A-Z
1-10 Letter F Words
1-10 Letter G Words
One Thing in Common: United Kingdom
Risky Map Clicking: Next State Alphabetically
Recently Updated
Leaping Animals
pecheneg
Reality TV Shows (A-Z)
bhenderson79
Rickey Henderson's Hall of Fame Teammates
pecheneg
Champions League XIs: Arsenal
pecheneg
Quick Pick: Celebrities in WWE's Hall of Fame
aduchscher
A-Z Keypad Blitz II
pecheneg
Multiple Oscar Actors
pecheneg
Mystery Phrase Blitz: Oscar 'Best Actors'
pecheneg
F. Scott Fitzgerald Novels
LTH
Pick 3 Villains
ddd62291
Trending Topics
NBA
Crossword
Anime
Marvel
Disney
Kpop
Harry Potter
Soccer
Song
Pokémon
Country
NFL
Puzzle
WWE
The Office
Your Account Isn't Verified!
In order to create a playlist on Sporcle, you need to verify the email address you used during registration. Go to your
Sporcle Settings
to finish the process.
Report this User
Report this user for behavior that violates our
Community Guidelines
.
Details:
Send Report
Go to the Sporcle.com Mobile Site →
Comments